书目信息 |
| 题名: |
校园文化活动手册
|
|
| 作者: | ;上海音乐出版社 编 | |
| 分册: | ||
| 出版信息: | 上海 上海音乐出版社 1997 |
|
| 页数: | 306页 | |
| 开本: | 20cm | |
| 丛书名: | ||
| 单 册: | ||
| 中图分类: | G424.28-62 | |
| 科图分类: | ||
| 主题词: | 校园--文化活动--中学 , 校园 , 文化活动 , 教学理论 | |
| 电子资源: | ||
| ISBN: | 7-80553-626-0 | |
| 000 | 00673nam0 2200241 450 | |
| 001 | 1241168115 | |
| 005 | 20121005112754.81 | |
| 010 | @a7-80553-626-0@dCNY14 | |
| 100 | @a19970813d1997 am y0chiy0110 ea | |
| 101 | 0 | @achi |
| 102 | @aCN@b310000 | |
| 105 | @ag z 000yy | |
| 200 | 1 | @a校园文化活动手册@Axiao yuan wen hua huo dong shou ce@f本社编 |
| 210 | @a上海@c上海音乐出版社@d1997 | |
| 215 | @a306页@d20cm | |
| 606 | 0 | @a校园@x文化活动@x中学 |
| 606 | 0 | @a校园 |
| 606 | 0 | @a文化活动 |
| 606 | 0 | @a教学理论 |
| 690 | @aG424.28-62@v4 | |
| 711 | 02 | @a上海音乐出版社@Ashang hai yin yue chu ban she@4编 |
| 801 | 0 | @aCN@bNLC@c20101222 |
| 905 | @a10447@dG424.28-62@eJY159 | |
| 校园文化活动手册/本社编.-上海:上海音乐出版社,1997 |
| 306页;20cm |
| ISBN 7-80553-626-0:CNY14 |
| ● |
| 相关链接 |
|
|
|
|
正题名:校园文化活动手册
索取号:G424.28-62/JY159
 
预约/预借
| 序号 | 登录号 | 条形码 | 馆藏地/架位号 | 状态 | 备注 |
| 1 | 7805358 | 278053589 | 学院路分馆/ [索取号:G424.28-62/JY159] | 在馆 | |
| 2 | 7805359 | 278053598 | 学院路分馆/ [索取号:G424.28-62/JY159] | 在馆 | |
| 3 | 7805360 | 278053605 | 学院路分馆/ [索取号:G424.28-62/JY159] | 在馆 | |
| 4 | 7805361 | 278053614 | 学院路分馆/ [索取号:G424.28-62/JY159] | 在馆 |